|
|
|
|
| LEADER |
00000nam a2200000 i 4500 |
| 001 |
DIGUPERCA0096 |
| 003 |
NyNyDIG |
| 006 |
m o d |
| 008 |
210630s2020 pe ob 000 0 spa d |
| 007 |
cr ||||||||||| |
| 035 |
|
|
|a (OCoLC)1260469997
|
| 040 |
|
|
|a DGITA
|b eng
|e rda
|e pn
|c DGITA
|
| 020 |
|
|
|a 9786123182564
|q eBook
|q pdf
|
| 020 |
|
|
|a 6123182560
|q eBook
|q pdf
|
| 020 |
|
|
|a 9786123182571
|q eBook
|q ePub
|
| 020 |
|
|
|a 6123182579
|q eBook
|q ePub
|
| 020 |
|
|
|z 9786123182557
|
| 020 |
|
|
|z 6123182552
|
| 050 |
1 |
4 |
|a D358 ebook
|
| 082 |
0 |
4 |
|a 909.81
|
| 245 |
0 |
3 |
|a El porqué del presente :
|b breve recorrido político, económico y social de los siglos XIX y XX /
|c Jorge Illa (comp.) ; Rocío Rebata, Emilio J. Santos y José Vásquez.
|
| 264 |
|
1 |
|a Lima (Perú) :
|b Universidad Peruana de Ciencias Aplicadas, Editorial UPC,
|c [2020]
|
| 300 |
|
|
|a 1 online resource.
|
| 336 |
|
|
|a text
|b txt
|2 rdacontent
|
| 337 |
|
|
|a computer
|b c
|2 rdamedia
|
| 338 |
|
|
|a online resource
|b cr
|2 rdacarrier
|
| 347 |
|
|
|a text file
|2 rdaft
|
| 347 |
|
|
|b PDF
|
| 347 |
|
|
|b EPUB
|
| 490 |
1 |
|
|a Colección Textos básicos. Tema: Humanidades
|
| 504 |
|
|
|a Includes bibliographical references.
|
| 588 |
0 |
|
|a Online resource; title from PDF title page (Digitalia, viewed June 30, 2021)
|
| 650 |
|
0 |
|a History, Modern
|y 19th century.
|
| 650 |
|
0 |
|a History, Modern
|y 20th century.
|
| 655 |
|
0 |
|a Electronic books.
|
| 700 |
1 |
|
|a Illa Boris, Jorge,
|d 1968-
|e compiler.
|
| 700 |
1 |
|
|a Rebata Delgado, Rocío Denisse,
|e author.
|
| 700 |
1 |
|
|a Santos Castilla, Emilio José,
|e author.
|
| 700 |
1 |
|
|a Vásquez Mendoza, José,
|e author.
|
| 791 |
2 |
|
|a Digitalia (Firm),
|e distributor.
|
| 793 |
0 |
|
|g Digitalia eBook Collection:
|a Universidad Peruana de Ciencias Aplicadas
|
| 830 |
|
0 |
|a Textos básicos (Universidad Peruana de Ciencias Aplicadas)
|
| 856 |
4 |
0 |
|3 Digitalia Hispánica
|u https://www.digitaliapublishing.com/a/63925/
|
| 910 |
|
|
|a Premium collection: 2021
|